Statistics for Ancient Geography

Click here to take the quiz!

General Stats

  • This quiz has been taken 1,115 times
  • The average score is 7 of 25

Answer Stats

HintAnswer% Correct
City in modern Iraq known for Hanging GardensBabylon
84%
Roman rival near modern-day TunisCarthage
72%
Roman name for FranceGaul
70%
Land between the Tigris and Euphrates riversMesopotamia
64%
Land immediately south of ancient EgyptNubia
47%
Southern Israelite kingdomJudah
37%
City in above with largest zigguratUr
37%
Roman name for IrelandHibernia
33%
Region in southeastern area of above, one of world's first civilizationsSumer
32%
Roman name for ScotlandCaledonia
25%
Strip of mercantile city-states along the eastern Mediterranean coastPhoenicia
24%
Roman name for PortugalLusitania
23%
Roman nickname for the Mediterranean SeaMare Nostrum
20%
Ancient name for ParisLutetia
17%
Capital of the Assyrian EmpireNinevah
15%
Kingdom ruled by Croesus in western TurkeyLydia
13%
First capital of the Persian EmpireSusa
12%
Capital of ancient MacedoniaPella
10%
Land in eastern Africa with which the ancient Egyptians tradedPunt
10%
Israelite term for modern EthiopiaSheba
10%
Capital of northern Kingdom of IsraelSamaria
9%
Largest, most sophisticated city of the Indus Valley civilizationMohenjo-Daro
8%
Semi-legendary Aztec homelandAztlan
4%
Body of water believed to encircle habitable landOceanus
4%
Capital of Shang-dynasty ChinaAnyang/ Yin
1%

Score Distribution

Percentile by Number Answered

Percent of People with Each Score

Your Score History

You have not taken this quiz